000 00686nam a2200241 a 4500
001 BRCA_7078
005 20190320205714.0
008 081211s1911----gw-#######---#000-0#ger-#
041 _ager
044 _agw
050 4 _aPT2526.B8
_b.S75 2 1911
100 1 _aStinde, Julius Ernst Wilhelm
_d1841-1905
_915607
245 1 0 _aDer Familie Buchholz
_bzweiter teil : aus dem Leben der Hauptstadt
_cvon Julius Stinde.
250 _a65
260 _aBerlín
_bG. Grote´sche
_c1911
300 _a186 p. (v.2)
_c21 cm.
500 _aVer también I65 (v.1)
500 _aO54
600 1 4 _aBuchholz, Familia
_915608
650 1 4 _aLiteratura Alemana
_96160
902 _aGFM
942 _2lcc
_cB
999 _c6759
_d6759